Missing Word: Asian Cities Quiz Stats

 Plays Quiz Updated Oct 18, 2015

Challenge
Share
Tweet
Embed
Score 0/16 Timer 03:00
0 Plays Today
Hint Answer % Correct
Hong ________Kong
99.5%
________ AvivTel
95.8%
Ho ________ Minh CityChi
94.9%
________ DhabiAbu
93.6%
________ LumpurKuala
88.2%
________ PenhPhnom
67.4%
________ Jayawardenapura KotteSri
45.7%
Bandar Seri ________Begawan
37.7%
Hint Answer % Correct
Chiang ________Mai
32.7%
________ ReapSiem
18.7%
Mazar-e ________Sharif
17.3%
________ KinabaluKota
15.9%
________ PhongHai
15.8%
________ PrabangLuang
11.9%
Hat ________Yai
7.5%
Udon ________Thani
7.3%

Today's Daily Dose

You're not logged in!

Compare scores with friends on all Sporcle quizzes.
Join for Free
OR
Log In

You Might Also Like...

Show Comments

Extras

Top Quizzes Today


Score Distribution

Your Account Isn't Verified!

In order to create a playlist on Sporcle, you need to verify the email address you used during registration. Go to your Sporcle Settings to finish the process.

Report this User

Report this user for behavior that violates our Community Guidelines.

Details: